000 00837nam a2200253Ia 4500
003 GCL
008 140319s9999 xx 000 0 ara d
040 _aGCL /
_cGCL
082 0 4 _a615.822
_bح ل
100 1 _aحياة عياد روفائيل
245 1 0 _aاللياقة القوامية والتدليك الرياضى /
_cحياة عياد روفائيل
700 1 _aصفاء صفاءالدين الخربوطلى
260 _a[S.N] :
_bمنشاة المعارف ،
_c1993
300 _a199 ص
490 _a
650 0 4 _aاصابات الملاعب
650 0 4 _aالتدليك
650 0 4 _aالتربية البدنية
650 0 4 _aالعلاج الطبيعى
650 0 4 _aالطب الرياضى
650 0 4 _aاللياقة البدنية
650 0 4 _aالتربية الرياضية
942 _2ddc
_cBK
999 _c33448
_d33448